000 00264nam a22001337a 4500
999 _c166639
_d166639
082 _a
_b
100 _a
245 _aDictionary of world history/
_c
250 _a
260 _aNew Delhi:
_bOxford,
_c2006.
300 _a712p.
650 _a
942 _cBK